Expert systems : strategic implications and applications

Αποθηκεύτηκε σε:
Λεπτομέρειες βιβλιογραφικής εγγραφής
Κύριος συγγραφέας: Beerel, Annabel C. 1953-
Μορφή: Βιβλίο
Γλώσσα:English
Δημοσίευση: Chichester, West Sussex : Ellis Horwood, 1987
Σειρά:Ellis Horwood books in information technology
Θέματα:
Ετικέτες: Προσθήκη ετικέτας
Δεν υπάρχουν, Καταχωρήστε ετικέτα πρώτοι!

MARC

LEADER 00000nam a2200000 i 4500
001 1/37120
008 960328s1987 eng d
020 |a 0745802516 
035 |l 10024619 
040 |a GR-MY-UA  |b gre  |e aacr 
041 0 |a eng 
082 0 |a 006.33 
100 1 |a Beerel, Annabel C.  |d 1953- 
245 1 0 |a Expert systems : strategic implications and applications 
260 |a Chichester, West Sussex :   |b Ellis Horwood,   |c 1987 
300 |a 173 p. 
490 1 |a Ellis Horwood books in information technology 
650 0 0 |a Expert systems (Computer science) 
830 0 |a Ellis Horwood books in information technology 
852 |a INST  |b CHIOS  |e 19960328  |h 006.33 BEE  |p 005200002472  |q 005200002472  |t BK  |y 0 
909 |a Χ  |b 010322